Primi 15 paesi interessati da Covid-19 - 6 ottobre 2021 - Statistics

Statistiche generali
  • Questo quiz è stato fatto 7 volte
  • Il punteggio medio è 13 su 27
Statistiche sulle risposte
paese % Corretto
Francia
100%
Germania
100%
Italia
100%
Stati Uniti
100%
Brasile
83%
Messico
83%
Regno Unito
83%
Russia
83%
Argentina
67%
India
67%
Spagna
67%
Turchia
67%
Belgio
50%
Iran
50%
Indonesia
33%
Paesi Bassi
33%
Svezia
33%
Colombia
17%
Estonia
17%
Israele
17%
Lituania
17%
Slovenia
17%
Uruguay
17%
Bahrain
0%
Cechia
0%
Georgia
0%
Serbia
0%
Nessun quiz corrispondente trovato
Distribuzione punteggi
Percentuale di utenti per punteggio
Percentile per numero di risposta
I tuoi punteggi nel tempo
Non hai fatto questo quiz